Vies et doctrines des philosophes
Gardado en:
| Autor Principal: | |
|---|---|
| Formato: | Libro |
| Idioma: | Undetermined |
| Publicado: |
París, Francia
Payot
1932
|
| Materias: | |
| Etiquetas: |
Engadir etiqueta
Sen Etiquetas, Sexa o primeiro en etiquetar este rexistro!
|
MARC
| LEADER | 00000nam a2200000Ia 4500 | ||
|---|---|---|---|
| 008 | 170316s9999 xx 000 0 und d | ||
| 090 | |a 100 D-39v | ||
| 100 | |a Durant, Will | ||
| 245 | |a Vies et doctrines des philosophes | ||
| 260 | |a París, Francia | ||
| 260 | |b Payot | ||
| 260 | |c 1932 | ||
| 300 | |a 487 páginas | ||
| 650 | |a FILOSOFÍA - HISTORIA | ||
| 999 | |c 16070 |d 16070 | ||
| 040 | |a cru BVZT | ||
| 942 | |c 15 D |h 100 D-39v |2 z | ||
